| 000 | 00550nam a22001937a 4500 | ||
|---|---|---|---|
| 003 | OSt | ||
| 005 | 20130412101053.0 | ||
| 008 | 130412s2007 sp ||||| |||| 00| 0 spa d | ||
| 020 | _a9788483067109 | ||
| 040 | _cCDMR | ||
| 100 | 1 |
_93165 _aGallego, Ferran _d1953- |
|
| 245 |
_aBarcelona, mayo de 1937 _b: la crisis del antifascismo en Cataluña _cFerran Gallego |
||
| 260 |
_aBarcelona _bDebate _c2007 |
||
| 300 | _a627 p. | ||
| 490 | 0 | _aDebate Historias | |
| 650 | 0 | 4 |
_91509 _aPremsa _zBarcelona |
| 650 | 0 | 4 |
_93166 _aCatalunya _xHistòria |
| 942 |
_2udc _cMON |
||
| 999 |
_c6086 _d6086 |
||